00653nam a2200229Ia 4500001000600000003000900006008004100015040001300056040001300069041001300082100001800095100002900113245003200142245003900174250001100213260001200224260001800236260004900254300005300303650003600356650003100392 5804IT-RoPAU130308s9999 xx 000 0 und d aIT-RoPAU cIT-RoPAU aITALIANO aKezich Tullio gCodice Aut. SPICS: 5096 aCinema come odio-amore (Il) bNono premio internazionale Flaiano a1a ed. aPESCARA bOggi E Domani c1982 [1° Ed.:1982 - Ed.Ling.Originale:1982] a"2 p. (prefazione: no ; testo: 2 [pagine: 8-9])" aMANIFESTAZIONI CINEMATOGRAFICHE eCodice materia Spics: 6815